Kde budeme bývať?

Súvislosť transformácie makroekonomiky a rodinnej mikroekonomiky. Situácia v rodinách a domácnostiach v oblasti bývania. Politika štátu v oblasti bytovej výstavby a problémy rodiny pri získaní bytu.

Salvato in:
Dettagli Bibliografici
Autore principale: Kobidová, Viera
Natura: Capitolo di libro
Lingua:slovacco
Soggetti:
Tags: Aggiungi Tag
Nessun Tag, puoi essere il primo ad aggiungerne!!

MARC

LEADER 00000naa a2200000 4500
001 r034471
005 20230809074943.1
041 0 |a slo 
044 |a SK 
245 1 0 |a Kde budeme bývať?  |c Viera Kobidová 
520 |a Súvislosť transformácie makroekonomiky a rodinnej mikroekonomiky. Situácia v rodinách a domácnostiach v oblasti bývania. Politika štátu v oblasti bytovej výstavby a problémy rodiny pri získaní bytu. 
610 2 0 |a bývanie 
610 2 0 |a rodina 
610 2 0 |a politika bytová 
610 2 0 |a výstavba bytová 
610 2 0 |a sporenie stavebné 
100 1 |a Kobidová, Viera